00306 a2200133 450000100060000002000060000604000370001210000260004924000310007524500260010630000070013236200090013965000240014871595 a  cAnchieta - Colégio São Paulo aGouveia, Luis Augusto10aCâncer, como assim?lpor10aCâncer, como assim? a240 a2005 4aLiteratura infantil